000 00299nam a2200109Ia 4500
005 20251222114408.0
008 251222s1900||||xx |||||||||||||| ||spa||
082 _aDVD0092/S25L/2006
245 0 _aPara vivir la eucaristía: domingo, día del Señor.
264 _bCastillejo, Christian.
942 _cDVD
999 _c1905
_d1905